00405cam a2200157ua 45000010005000000080039000050400009000440820013000531000025000662450048000912500009001392600033001483000017001816530024001986530025002223723111129n ii |||gr||||Z||||||asm cMAIN a891.4514 aSarma, Sunapati Dev,11aAsamiya sahityar sajcby Sunapati Dev Sarma a3rd. aGuwahati:bBani Prakash,994. a101p:c23cm. aAssamese literature aAsamiya sahityar saj